(UPDATED) Name the VCT Broadcast Talent - Statistics

General Stats
  • This quiz has been taken 371 times
    125 since last reset
  • The average score is 12 of 16
Answer Stats
Picture Answer % Correct
aEvilcat
96%
Sideshow
96%
Bren
93%
Yinsu
88%
Pansy
86%
Wyatt
85%
Achilios
82%
Goldenboy
82%
meL
75%
Ender
71%
Paperthin
68%
Vansilli
65%
kaquka
61%
hypoc
56%
Uber
43%
Jennlee
38%
No matching quizzes found
Score Distribution
Percent of People with Each Score
Percentile by Number Answered
Your Score History
You have not taken this quiz since the last reset